| 000 | 00000nas 2200000zi 4500 |
| 001 | 9.506135 |
| 003 | CaOODSP |
| 005 | 20250127113707 |
| 006 | m go d f |
| 007 | cr ||||||||||| |
| 008 | 150406c20109999oncar p o f0 a0eng|d |
| 020 | |z978-1-100-16326-0 |
| 022 | |a2370-0343 |
| 040 | |aCaOODSP|beng|cCaOODSP|erda |
| 043 | |an-cn--- |
| 086 | 1 |aIu93-1/1E-PDF|zIu93-1/1-2010E-PDF|zIu93-1/1-2011E-PDF|zIu93-1/1-2013E-PDF|zIu93-1/1-2014E-PDF |
| 110 | 2 |aFederal Economic Development Agency for Southern Ontario (Canada) |
| 222 | 0|aAnnual report to Parliament. Access to Information Act |b(Federal Economic Development Agency for Southern Ontario (Canada)) |
| 245 | 10|aAnnual report to Parliament. |pAccess to Information Act / |cFederal Economic Development Agency for Southern Ontario. |
| 264 | 1|aOttawa, Ontario : |bFederal Economic Development Agency for Southern Ontario = Agence fédérale de développement économique pour le sud de l'Ontario, |c[2010]- |
| 310 | |aAnnual |
| 336 | |atext|btxt|2rdacontent |
| 337 | |acomputer|bc|2rdamedia |
| 338 | |aonline resource|bcr|2rdacarrier |
| 362 | 1 |aBegan with: August 13, 2009 to March 31, 2010. |
| 500 | |aIssued also in French under title: Rapport annuel au Parlement. Loi sur l'accès à l'information. |
| 690 | 07|aAccess to information|2gcpds |
| 775 | 08|tRapport annuel au Parlement. |w(CaOODSP)9.502537 |